World Bank Economic Review -The- (Record no. 5554)

MARC details
000 -LEADER
fixed length control field 00967nas a22002057i 4500
001 - CONTROL NUMBER
control field 5826
003 - CONTROL NUMBER IDENTIFIER
control field OSt
005 - DATE AND TIME OF LATEST TRANSACTION
control field 20170126082350.0
007 - PHYSICAL DESCRIPTION FIXED FIELD--GENERAL INFORMATION
fixed length control field tu
008 - FIXED-LENGTH DATA ELEMENTS--GENERAL INFORMATION
fixed length control field 161220s xxu||||| |||| 00| 0 d
022 ## - INTERNATIONAL STANDARD SERIAL NUMBER
International Standard Serial Number 0258-6770
024 7# - OTHER STANDARD IDENTIFIER
Standard number or code 5826
Source of number or code RID
024 7# - OTHER STANDARD IDENTIFIER
Standard number or code 5826
Source of number or code RSN (alt)
040 ## - CATALOGING SOURCE
Transcribing agency OSt
110 2# - MAIN ENTRY--CORPORATE NAME
Corporate name or jurisdiction name as entry element The International Bank for Reconstruction and Development/THE WORLD BANK
245 00 - TITLE STATEMENT
Title World Bank Economic Review -The-
260 ## - PUBLICATION, DISTRIBUTION, ETC.
Place of publication, distribution, etc. Oxford :
Name of publisher, distributor, etc. Oxford University Press.
866 #0 - TEXTUAL HOLDINGS--BASIC BIBLIOGRAPHIC UNIT
-- 1992 6/1 - 2002 16/3
866 #0 - TEXTUAL HOLDINGS--BASIC BIBLIOGRAPHIC UNIT
-- Bestände unvollständig<br><br>vorhanden:<br>Proceedings 1991<br>1992 6/1,3<br>Proceedings 1992<br>1993 7/1-3<br>1994 8/1-3<br>Proceedings 1994<br>1995 9/1-3<br>1996 10/1<br>1997 11/1-3<br>1998 12/1,3<br>1999 13/1 - 2002 16/3<br><br>Annual World Bank Conference 1995Annual World Bank Conference 1996<br>Annual World Bank Conference 1997<br>Annual World Bank Conference 2001/2002<br><br>fehlende Bestände:<br>1992 6/2<br>1996 10/2-3<br>1998 12/2
942 ## - ADDED ENTRY ELEMENTS (KOHA)
Koha item type Journal
Holdings
Withdrawn status Lost status Damaged status Not for loan Home library Current library Shelving location Date acquired Inventory number Total Checkouts Barcode Date last seen Price effective from Koha item type
        WIIW WIIW Library 08/04/2004 5826   10001086 01/26/2017 01/26/2017 Journal
The Vienna Instiute for International Economic Studies (wiiw)